|
|
|
|
| LEADER |
01264ppm a22003018a 4500 |
| 001 |
00028442 |
| 008 |
120328s2011 ||||||viesd |
| 005 |
20171026081023.0 |
| 041 |
0 |
# |
|a vie
|
| 082 |
1 |
4 |
|a 519
|b C101S
|
| 100 |
1 |
# |
|a Lê, Hữu Lý
|
| 245 |
1 |
0 |
|a Các số đặc trưng của phần tử ngẫu nhiên nhận giá trị trong không gian Banach
|b Khóa luận tốt nghiệp : Ngành Sư phạm Toán : Trình độ : đại học
|c Lê Hữu Lý; Nguyễn Văn Huấn hướng dẫn
|
| 260 |
# |
# |
|a Đồng Tháp
|b Trường Đại học Đồng Tháp
|c 2011
|
| 300 |
# |
# |
|b bảng
|e 1 bản tóm tắt
|a 48tr.
|c 30 cm.
|
| 500 |
# |
# |
|a ĐTTTS ghi: Bộ Giáo dục và Đào tạo. Trường Đại học Đồng Tháp
|
| 502 |
# |
# |
|a Thư mục : tr.48
|
| 650 |
|
|
|v Khóa luận
|a Đại số
|
| 653 |
# |
# |
|a Không gian Banach
|
| 653 |
# |
# |
|a Phần tử ngẫu nhiên
|
| 653 |
# |
# |
|a Toán học
|
| 700 |
1 |
# |
|a Nguyễn, Văn Huấn
|e hướng dẫn
|
| 852 |
# |
# |
|b Kho đọc
|j KD.0012619
|
| 852 |
# |
# |
|j KD.0012619
|
| 910 |
|
|
|d 28/03/2012
|
| 980 |
# |
# |
|a Trung tâm Học liệu Lê Vũ Hùng, Trường Đại học Đồng Tháp
|